Mystery Taylor Swift Song #91 - Statistics

General Stats
  • This quiz has been taken 275 times
  • The average score is 45 of 200
Answer Stats
Song % Correct
Single
82%
single
82%
I
81%
a
78%
the
76%
ya
74%
you
74%
an
68%
on
68%
your
68%
and
66%
Ever
66%
Do
65%
we
65%
it
64%
me
64%
be
61%
to
61%
When
61%
where
60%
you're
60%
in
59%
I'm
58%
Then
58%
of
57%
is
56%
so
56%
was
55%
for
54%
no
54%
if
53%
this
53%
all
52%
it's
52%
that
52%
can
50%
they
50%
but
49%
what
49%
us
48%
not
47%
one
47%
too
46%
there
45%
like
44%
Cause
42%
say
42%
why
42%
I'd
41%
are
40%
how
40%
time
40%
can't
39%
up
37%
could
36%
have
36%
been
34%
from
34%
just
34%
wanna
34%
every
32%
our
32%
with
32%
Some
31%
Uh
31%
day
28%
though
28%
will
28%
That's
27%
thought
23%
both
22%
yeah
22%
yours
22%
get
21%
look
21%
way
21%
about
20%
because
20%
bout
20%
feel
20%
tell
20%
Both of Us
19%
things
19%
These
18%
wish
18%
always
17%
live
16%
Make
16%
times
16%
would've
16%
Does
15%
new
15%
we’ve
15%
even
14%
gone
14%
lift
13%
still
13%
enough
12%
much
12%
strong
12%
talk
12%
care
11%
gotta
11%
high
11%
What's
11%
life
10%
hold
9%
through
9%
hadn't
8%
losing
8%
might
8%
ol'
8%
run
8%
hey
7%
lose
7%
lost
7%
really
7%
song
7%
wonder
7%
ain't
6%
maybe
6%
Open
6%
play
6%
sometimes
6%
act
5%
everything’s
5%
find
5%
same
5%
tryna
5%
asking
4%
battle
4%
crowd
4%
Everybody
4%
gets
4%
green
4%
matter?
4%
other
4%
pain
4%
stand
4%
climb
3%
clothes
3%
cost?
3%
due
3%
Getting
3%
grass
3%
grip
3%
ground
3%
ladder
3%
low
3%
madness
3%
money's
3%
pick
3%
Ray
3%
sea
3%
side
3%
straight
3%
underdogs
3%
uphill
3%
another
2%
ball
2%
boat
2%
Bobby
2%
bought
2%
deep
2%
drown
2%
fence
2%
food
2%
foolishness
2%
fridge
2%
landlord
2%
Most
2%
number
2%
paddle
2%
pattern
2%
puddle
2%
rent
2%
shallow?
2%
Sincerely
2%
spoke
2%
struggle
2%
twenty
2%
whip
2%
wrote
2%
y'all
2%
actors
1%
against
1%
blueprint
1%
build
1%
chosen
1%
draft
1%
Hollywood
1%
nosebleeds
1%
odds
1%
person
1%
shoulders
1%
tall
1%
tides
1%
underneath
1%
wound
1%
molded
0%
No matching quizzes found
Score Distribution
Percent of People with Each Score
Percentile by Number Answered
Your Score History
You have not taken this quiz